[Event "USA-ch15 prel 09 corr"]
[Site "USA"]
[Date "2000.06.20"]
[Round "?"]
[White "Quijalvo, Roberto"]
[Black "Pohle, Ronald E"]
[Result "0-1"]
[WhiteElo "2153"]
[BlackElo "2296"]
[PlyCount "90"]
[EventDate "2000.06.20"]
[EventType "tourn (corr)"]
[EventRounds "12"]
[EventCountry "USA"]
[SourceTitle "Corr 2006"]
[Source "ChessBase"]
[SourceDate "2006.04.01"]
[SourceVersion "3"]
[SourceVersionDate "2006.04.01"]
[SourceQuality "1"]

1. d4 Nf6 2. Nf3 e6 3. Bg5 c5 4. e3 d5 5. c4 cxd4 6. exd4 Be7 7. Nc3 0-0 8. Rc1 Nc6 9. Be2 dxc4 10. Bxc4 a6 11. 0-0 b5 12. Bd3 Bb7 13. Re1 Rc8 14. Bxf6 Bxf6 15. d5 Nb4 16. d6 Rc6 17. Be4 Rxd6 18. Qb3 Bxc3 19. Rxc3 Bxe4 20. Qxb4 Bxf3 21. Rxf3 Qd7 22. a3 Rd8 23. h3 Rd4 24. Qa5 Qd6 25. Rc1 Rd2 26. Qc3 Qb8 27. Rg3 Rd1+ 28. Kh2 g6 29. Rxd1 Rxd1 30. Qe3 Qd6 31. f4 h5 32. b4 h4 33. Rg4 Qd4 34. Qxd4 Rxd4 35. Rg5 Rxf4 36. Re5 Rc4 37. Re3 Kf8 38. Kg1 Ke7 39. g3 hxg3 40. Rxg3 Rc2 41. h4 Rc4 42. Rh3 f5 43. Kf2 Kf6 44. Ke1 Rg4 45. Ke2 Rg2+ 0-1

[Event "USA-ch15 prel 09 corr"]
[Site "USA"]
[Date "2000.06.20"]
[Round "?"]
[White "Rodriguez, Keith A"]
[Black "Quijalvo, Roberto"]
[Result "0-1"]
[WhiteElo "2374"]
[BlackElo "2225"]
[PlyCount "62"]
[EventDate "2000.06.20"]
[EventType "tourn (corr)"]
[EventRounds "12"]
[EventCountry "USA"]
[SourceTitle "Corr 2006"]
[Source "ChessBase"]
[SourceDate "2006.04.01"]
[SourceVersion "3"]
[SourceVersionDate "2006.04.01"]
[SourceQuality "1"]

1. e4 c6 2. d4 d5 3. e5 Bf5 4. Nc3 e6 5. g4 Bg6 6. Nge2 c5 7. h4 cxd4 8. Nxd4 h5 9. f4 hxg4 10. Bb5+ Nd7 11. f5 Rxh4 12. 0-0 exf5 13. Nxd5 Bc5 14. b4 g3 15. bxc5 Rh1+ 16. Kxh1 Qh4+ 17. Kg2 Qh2+ 18. Kf3 Bh5+ 19. Ke3 Bxd1 20. Bxd7+ Kxd7 21. Rxd1 Rd8 22. Kd3 g2 23. Bf4 Qh3+ 24. Ke2 Kc8 25. c4 Qg4+ 26. Kf2 Rxd5 27. cxd5 Qxf4+ 28. Nf3 Nh6 29. Kxg2 Ng4 30. Re1 Ne3+ 31. Kf2 Nc2 0-1